[Event "GER-chT Christmas U20"]
[Site "Playchess.com INT"]
[Date "2020.12.29"]
[Round "2.4"]
[White "Perkampus, Laurin"]
[Black "Lutz, Sebastian"]
[Result "1-0"]
[WhiteElo "1920"]
[BlackElo "1541"]
[PlyCount "67"]
[EventDate "2020.12.29"]
[EventType "team-swiss (blitz)"]
[EventRounds "7"]
[EventCountry "GER"]
[SourceTitle "CBM 200 Extra"]
[Source "ChessBase"]
[SourceDate "2021.03.31"]
[SourceVersion "1"]
[SourceVersionDate "2021.03.31"]
[SourceQuality "1"]
[WhiteTeam "Koeln Porz II"]
[BlackTeam "Weisse Dame"]
[WhiteTeamCountry "GER"]
[BlackTeamCountry "GER"]

1. d4 Nf6 2. c4 g6 3. Nc3 Bg7 4. e4 d6 5. Be2 0-0 6. Nf3 Nc6 7. 0-0 e5 8. d5 Ne7 9. Kh1 Nh5 10. Ng1 Nf4 11. Bf3 h6 12. g3 Nh3 13. Bg2 Nxg1 14. Kxg1 f5 15. f4 Kh7 16. fxe5 Bxe5 17. Be3 fxe4 18. Bxe4 Bf5 19. g4 Bxe4 20. Nxe4 Ng8 21. g5 Qd7 22. gxh6 Rxf1+ 23. Qxf1 Qg4+ 24. Qg2 Qxg2+ 25. Kxg2 Rf8 26. Ng5+ Kh8 27. Ne6 Rf7 28. Rf1 Rxf1 29. Kxf1 Bxb2 30. Nxc7 a6 31. Bf4 Nf6 32. Bxd6 Ne4 33. Bf4 Kh7 34. Ne8 1-0